000 01093cam a22002777a 4500
999 _c20722
_d20722
005 20200124073227.0
008 020613n2001 gw b 000 0 eng
020 _a3907846079
040 _aDLC
_cDLC
_dDLC
041 _aeng
044 _agx
082 _a333.953413
_bG56t
100 1 _aGlowka, Lyle.
_98849
245 1 0 _aTowards a certification system for bioprospecting activities /
_cLyle Glowka.
260 _aBern :
_bState Secretariat for Economic Affairs,
_c2001.
300 _av, 119 p. ;
_c20.9 x 15 cm.
500 _a"Study commissioned by the State Secretariat for Economic Affairs."
504 _aIncludes bibliographical references (p. 111-117).
650 0 _aRecursos genéticos
_xpolíticas
_9102335
650 0 _aCertificación
_vVariedades
_9102336
650 0 _aBioprospectiva
_9102334
710 1 _aSwitzerland.
_bStaatssekretariat für Wirtschaft.
_9102337
906 _a7
_bcbc
_corignew
_d3
_encip
_f20
_gy-gencatlg
942 _2ddc
_cLIBRO